Movies Quiz

Random Movies or Role Quiz

S-P-O-R-C-L-E Movie Images Quiz Stats

 Plays Quiz Updated Aug 6, 2015

Also try: Movies by Scene
Challenge
Share
Tweet
Score 0/21 Timer 04:00
6 Plays Today
% Correct
Shrek
97.4%
The Little Mermaid
93.8%
Cinderella
92.6%
Rocky
91.9%
Pinocchio
84.6%
The Sound of Music
80%
Ray
75.2%
The Sword in the Stone
73.1%
Casablanca
72.7%
Oceans Eleven
68%
The Emperor's New Groove
66.6%
% Correct
Lawrence of Arabia
63.6%
The Rescuers
58%
Patch Adams
56.6%
Platoon
54.2%
Carrie
52.2%
Erin Brockovich
49.4%
Oliver and Company
46%
On the Waterfront
33.1%
The English Patient
31.4%
Logan's Run
14.7%

You're not logged in!

Compare scores with friends on all Sporcle quizzes.
Join for Free
OR
Log In

You Might Also Like...

Show Comments

Extras

Top Quizzes Today


Score Distribution

Your Account Isn't Verified!

In order to create a playlist on Sporcle, you need to verify the email address you used during registration. Go to your Sporcle Settings to finish the process.

Report this User

Report this user for behavior that violates our Community Guidelines.

Details: